Normal view
MARC view
- ANEESH K. V
Entry Personal Name
001 - CONTROL NUMBER
- control field: 3794
003 - CONTROL NUMBER IDENTIFIER
- control field: OSt
005 - DATE AND TIME OF LATEST TRANSACTION
- control field: 20181025112230.0
008 - FIXED-LENGTH DATA ELEMENTS
- fixed length control field: 181025|| aca||aabn | a|a d
040 ## - CATALOGING SOURCE
- Original cataloging agency: OSt
- Transcribing agency: OSt
100 ## - HEADING--PERSONAL NAME
- Personal name: ANEESH K. V
670 ## - SOURCE DATA FOUND
- Source citation: Work cat.: (OSt)14998: ANEESH K. V JISNA C. M RADHIKA DEVI V. U RAGESH K. T, A study on soil nailing for various C-0/ soils in Tavanur area
